| 000 | 01275nmm a2200337 a 4500 | ||
|---|---|---|---|
| 003 | AR-BaBNM | ||
| 005 | 20251128203759.0 | ||
| 008 | 147019s1974 ||||||||||||||000 | spa|| | ||
| 040 | _cAR-BaBNM | ||
| 245 | 1 | 0 | _aLa educación en la era tecnológica |
| 260 |
_aMéxico, D.F. _bBowker _bCentro Regional de Ayuda Técnica _c1974 |
||
| 300 |
_a385 p. _btablas |
||
| 500 | _aContiene índice alfabético | ||
| 500 | _aEsta edición ha sido preparada conjuntamente por la editorial y el Centro Regional de Ayuda Técnica, Agencia para el Desarrollo InternacionalA.I.D., Departamento de Estado del Gobierno de los Estados Unidos de América. El Centro es una organización dedica | ||
| 650 | 4 | _aENSENANZA PROGRAMADA | |
| 650 | 4 | _aLIBROS DE TEXTO | |
| 650 | 4 | _aENSENANZA DE LA LECTURA | |
| 650 | 4 | _aTELEVISION EDUCATIVA | |
| 650 | 4 | _aRADIO EDUCATIVA | |
| 650 | 4 | _aMAQUINAS DE ENSENAR | |
| 650 | 4 | _aTECNOLOGIA EDUCATIVA | |
| 653 | _aINNOVACIONES EDUCATIVAS | ||
| 653 | _aINVESTIGACION EDUCATIVA | ||
| 700 | 1 |
_aTickton, Sidney G. _ecompilador |
|
| 700 | 1 |
_aOrríes e Ibars, José C. _etraductor |
|
| 700 | 1 |
_aAlcalde, Ramón _etraductor |
|
| 700 | 1 |
_aHalperín Donghi, Leticia _etraductor |
|
| 700 | 1 |
_aBianchi, Marta _etraductor |
|
| 942 | _cBK | ||
| 998 | _cSILVI | ||
| 999 |
_c4923 _d4923 |
||